Environmental handbook : (Record no. 19358)

000 -LEADER
fixed length control field 00582cam a2200193 a 4500
020 ## - INTERNATIONAL STANDARD BOOK NUMBER
ISBN 3528023066 (v. 1)
020 ## - INTERNATIONAL STANDARD BOOK NUMBER
ISBN 3528023074 (v. 2)
020 ## - INTERNATIONAL STANDARD BOOK NUMBER
ISBN 3528023082 (v. 3)
040 ## - CATALOGING SOURCE
Transcribing agency DLC
082 00 - DEWEY DECIMAL CLASSIFICATION NUMBER
Classification number 333 BMZ 1995C166 Or.
245 00 - TITLE STATEMENT
Title Environmental handbook :
Remainder of title documentation on monitoring and evaluating environmental impacts /
260 ## - PUBLICATION, DISTRIBUTION, ETC. (IMPRINT)
Place of publication Braunschweig :
Name of publisher Vieweg,
Year of publication 1995.
300 ## - PHYSICAL DESCRIPTION
Number of Pages 3 v. :
Other physical details ill. ;
Dimensions 24 cm.
650 #0 - SUBJECT ADDED ENTRY--TOPICAL TERM
Topical Term Environmental sciences
650 #0 - SUBJECT ADDED ENTRY--TOPICAL TERM
Topical Term Environmental impact analysis
650 #0 - SUBJECT ADDED ENTRY--TOPICAL TERM
Topical Term Environmental monitoring
710 1# - ADDED ENTRY--CORPORATE NAME
Corporate name or jurisdiction name as entry element Germany.
942 ## - ADDED ENTRY ELEMENTS (KOHA)
Koha item type ADB
952 ## - LOCATION AND ITEM INFORMATION (KOHA)
Withdrawn status [LOCAL, KOHA] 0
Holdings
Source of acquisition Permanent Location Date acquired Koha item type Lost status Shelving location Current Location Full call number
A38633Library Block C2020-09-29សៀវភៅភាសាអង់គ្លេស C166Library Block C333 BMZ 1995C166 Or.
មជ្ឈមណ្ឌលឯការនៃសាកលវិទ្យាល័យភូមិន្ទកសិកម្មចំការដូង

Powered by Koha